000 00385nam a2200169Ia 4500
008 210210b1925 xxu||||| |||| 00| 0 eng d
041 _aeng
082 _a829/182
100 _aCONRAD (J)
245 _aUnder western eyes
260 _aLondon
_bMethuen & Co Ltd.
_c1925
650 _awestern
650 _aUnder
650 _aeyes
690 _aEnglish Fiction
906 _a016789
999 _c136478
_d136478